00506cam a2200169ua 450000100060000000800390000602000180004504000090006304100080007208200110008010000310009124501020012225000140022426000480023830000100028665300400029611783191107n ii |||gr||||Z||||||eng a9780195656107 cMAIN aeng a342.54 aGranville Austin,eAuthor. aWorking a democratic constitution : bHistory of the indian experience / cBy Granville Austin .  a12th imp. aNew Delhi:bOxford university press,c2018. a771p. aConstitutional & administrative law